College Algebra 4th ed. (Record no. 229367)
[ view plain ]
| 000 -LEADER | |
|---|---|
| fixed length control field | 00285nam a22001097a 4500 |
| 008 - FIXED-LENGTH DATA ELEMENTS--GENERAL INFORMATION | |
| fixed length control field | 140812b xxu||||| |||| 00| 0 eng d |
| 050 ## - LIBRARY OF CONGRESS CALL NUMBER | |
| Classification number | QA 154 .F965 1977 |
| 100 ## - MAIN ENTRY--PERSONAL NAME | |
| Personal name | Fuller, Gordan |
| 245 ## - TITLE STATEMENT | |
| Title | College Algebra 4th ed. |
| Statement of responsibility, etc | Gordon Fuller |
| 300 ## - PHYSICAL DESCRIPTION | |
| Extent | Includes Index |
| 942 ## - ADDED ENTRY ELEMENTS (KOHA) | |
| Source of classification or shelving scheme | Library of Congress Classification |
| Item type | Books |
| Withdrawn status | Lost status | Source of classification or shelving scheme | Damaged status | Home library | Current library | Shelving location | Date acquired | Total Checkouts | Full call number | Barcode | Date last seen | Date last borrowed | Price effective from | Koha item type |
|---|---|---|---|---|---|---|---|---|---|---|---|---|---|---|
| Library of Congress Classification | College Library | College Library | General Circulation Section | 08/12/2014 | 2 | QA 154 .F965 1977 | c0842 | 05/15/2018 | 07/16/2015 | 08/12/2014 | Books |